000 00433nam a2200169Ia 4500
008 151213s9999 xx 000 0 und d
020 _a984837214-8
100 _aMd. Iqbal Hossain
245 _aInt. Environmental Law : Bangladesh Perspective
_cMd. Iqbal Hossain
250 _a2nd
260 _aDhaka
_bSaiful Islam
_c2008
300 _a8056 p.
650 _aLaw
650 _aLaw
700 _aMd. Iqbal Hossain
999 _c4067
_d4067